Case method : cases in management (Record no. 18)

MARC details
000 -LEADER
fixed length control field 00434 a2200169 4500
001 - CONTROL NUMBER
control field 001034
003 - CONTROL NUMBER IDENTIFIER
control field OSt
005 - DATE AND TIME OF LATEST TRANSACTION
control field 20211007101256.0
008 - FIXED-LENGTH DATA ELEMENTS--GENERAL INFORMATION
fixed length control field
082 ## - DEWEY DECIMAL CLASSIFICATION NUMBER
Classification number 658.00722
Item number B22C
100 1# - MAIN ENTRY--PERSONAL NAME
Personal name Baporikar, Neeta
245 1# - TITLE STATEMENT
Title Case method : cases in management
Statement of responsibility, etc by Neeta Baporikar
260 ## - PUBLICATION, DISTRIBUTION, ETC. (IMPRINT)
Place of publication, distribution, etc Mumbai
Name of publisher, distributor, etc Himalaya Publishing
Date of publication, distribution, etc 2009
300 ## - PHYSICAL DESCRIPTION
Extent 323p.
690 ## - LOCAL SUBJECT ADDED ENTRY--TOPICAL TERM (OCLC, RLIN)
Topical term or geographic name as entry element Management--Research
942 ## - ADDED ENTRY ELEMENTS (KOHA)
Source of classification or shelving scheme Dewey Decimal Classification
Koha item type Books
Holdings
Withdrawn status Lost status Source of classification or shelving scheme Damaged status Not for loan Collection code Home library Current library Date acquired Source of acquisition Cost, normal purchase price Full call number Barcode Date last seen Price effective from Koha item type
    Dewey Decimal Classification     General Text Book Central University Of Rajasthan Central University Of Rajasthan 28/09/2010 MGM 260.00 658.00722 B22C 1026 21/11/2024 02/09/2020 Books